[Event "N�-LL 2007_08"]
[Site "?"]
[Date "2007.09.30"]
[Round "2"]
[White "Wallner, Erich"]
[Black "Hofbauer, Peter"]
[Result "0-1"]
[WhiteElo "2192"]
[BlackElo "2066"]
[Annotator "St.P�lten : Bad V�slau"]
[PlyCount "154"]
[EventDate "2007.10.10"]
[SourceDate "2007.10.19"]

1. d4 Nf6 2. Bg5 e6 3. e3 Be7 4. Bd3 c5 5. c3 cxd4 6. exd4 b6 7. Qe2 Bb7 8. Nf3
O-O 9. Nbd2 d6 10. O-O Nbd7 11. Rfe1 Nd5 12. Bxe7 Qxe7 13. g3 Qf6 14. Qe4 Qh6
15. Qh4 Qxh4 16. Nxh4 N7f6 17. f4 g6 18. h3 Rac8 19. Kf2 Rc7 20. Ng2 Rfc8 21.
Nf3 a6 22. Re2 b5 23. a3 a5 24. g4 b4 25. axb4 axb4 26. c4 Ne7 27. b3 Bxf3 28.
Kxf3 Nc6 29. Ke3 e5 30. fxe5 dxe5 31. dxe5 Nxe5 32. g5 Nh5 33. Ra5 Re7 34. Kd2
Nf3+ 35. Kc1 Rd7 36. Bc2 Nd4 37. Rd2 Ng3 38. Ne3 Nde2+ 39. Kd1 Nc3+ 40. Ke1 Re7
41. Rd3 Rce8 42. Kf2 Nf5 43. Nxf5 Re2+ 44. Kf3 gxf5 45. Bd1 Re1 46. Bc2 R8e2
47. Rd8+ Kg7 48. Bxf5 Rf1+ 49. Kg3 h6 50. gxh6+ Kxh6 51. Rb8 Kg7 52. Rxb4 Ref2
53. Bg4 Ne4+ 54. Kh4 Rf4 55. Rb6 Rg1 56. Rg5+ Nxg5 57. Kxg5 Rf3 58. Kh4 Rf2 59.
Rb5 Rb2 60. Bf3 Rgb1 61. Rg5+ Kf6 62. c5 Rxb3 63. Bg2 Rc1 64. c6 Rb8 65. Rg4
Rc3 66. Rf4+ Ke5 67. Rf3 Rh8+ 68. Kg3 Rg8+ 69. Kh2 Rc2 70. Rg3 Rc8 71. Kh1 f5
72. Rg7 f4 73. Rg5+ Kf6 74. Rg4 Kf5 75. Rg7 Ra8 76. Rg4 Ra1+ 77. Kh2 f3 0-1

[Event "N�-LL 2007_08"]
[Site "?"]
[Date "2007.10.14"]
[Round "3"]
[White "Denk, Adolf"]
[Black "Svanda, Pavel"]
[Result "0-1"]
[WhiteElo "2259"]
[BlackElo "2246"]
[Annotator "Waidhofen : St.P�lten"]
[PlyCount "60"]
[EventDate "2007.10.10"]
[SourceDate "2007.10.20"]

1. c4 Nf6 2. Nc3 d5 3. cxd5 Nxd5 4. g3 g6 5. Bg2 Nb6 6. Nf3 Bg7 7. O-O e5 8. d3
Nc6 9. Be3 O-O 10. Rc1 Nd4 11. Bxd4 exd4 12. Ne4 Be6 13. Qc2 Bh6 14. Rcd1 Re8
15. Rfe1 a5 16. Nc5 Bd5 17. Nd2 Bxg2 18. Kxg2 Bxd2 19. Rxd2 Nd5 20. Rdd1 b6 21.
Ne4 c5 22. Qb3 Kg7 23. a4 h5 24. h4 Ra7 25. Ng5 Rae7 26. Rd2 Qd7 27. f3 f5 28.
Nh3 Qd6 29. f4 Qe6 30. Qb5 Ne3+ 0-1

[Event "N�-LL 2007_08"]
[Site "?"]
[Date "2007.10.14"]
[Round "3"]
[White "Brychta, David"]
[Black "Ganaus, Hannes"]
[Result "1-0"]
[WhiteElo "2160"]
[BlackElo "2340"]
[Annotator "Waidhofen : St.P�lten"]
[PlyCount "79"]
[EventDate "2007.10.10"]
[SourceDate "2007.10.20"]

1. Nf3 d5 2. c4 d4 3. g3 g6 4. Bg2 Bg7 5. d3 Nc6 6. O-O a5 7. Na3 Nf6 8. Nc2
O-O 9. b3 Nd7 10. a3 Nc5 11. Rb1 e5 12. Nd2 Re8 13. Ne4 Ne6 14. b4 f5 15. Nd2
axb4 16. axb4 Rb8 17. Rb3 h5 18. Bb2 Bd7 19. Qa1 b5 20. c5 h4 21. Ra3 hxg3 22.
fxg3 Bh6 23. Nf3 Ra8 24. Rxa8 Qxa8 25. Qxa8 Rxa8 26. Nxe5 Ra2 27. Nxd7 Rxb2 28.
Bxc6 Rxc2 29. Bxb5 Rxe2 30. Bc4 Kf7 31. Bxe6+ Rxe6 32. b5 Re7 33. c6 Re8 34. b6
cxb6 35. Nxb6 Re7 36. Nd7 Re2 37. Nb6 Re7 38. Nd5 Re6 39. Rb1 g5 40. c7 1-0

[Event "N�-LL 2007_08"]
[Site "?"]
[Date "2007.10.14"]
[Round "3"]
[White "R�hrl, Karl"]
[Black "Rosenauer, Harald"]
[Result "1/2-1/2"]
[WhiteElo "2221"]
[BlackElo "1981"]
[Annotator "Waidhofen : St.P�lten"]
[PlyCount "64"]
[EventDate "2007.10.10"]
[SourceDate "2007.10.20"]

1. d4 Nf6 2. c4 g6 3. Nc3 Bg7 4. g3 O-O 5. Bg2 d6 6. e3 c6 7. Nge2 Qc7 8. O-O
e5 9. h3 Re8 10. e4 Nbd7 11. Be3 Nf8 12. Qd2 Bd7 13. Bh6 Bh8 14. d5 Rad8 15. g4
Bc8 16. Bg5 a6 17. Ng3 Qe7 18. a4 Bg7 19. a5 N8d7 20. b4 Qf8 21. dxc6 bxc6 22.
Rfd1 h6 23. Be3 d5 24. exd5 cxd5 25. Nxd5 Nxd5 26. Bxd5 Kh7 27. Qc2 e4 28. Nxe4
Bxa1 29. Rxa1 f5 30. gxf5 gxf5 31. Ng3 Ne5 32. Bc5 Qf6 1/2-1/2

[Event "N�-LL 2007_08"]
[Site "?"]
[Date "2007.10.14"]
[Round "3"]
[White "Rabl, Gerhard"]
[Black "Wallner, Erich"]
[Result "0-1"]
[WhiteElo "1937"]
[BlackElo "2132"]
[Annotator "Waidhofen : St.P�lten"]
[PlyCount "98"]
[EventDate "2007.10.10"]
[SourceDate "2007.10.20"]

1. d4 Nf6 2. Nf3 c5 3. g3 e6 4. Bg2 Nc6 5. O-O d5 6. b3 Bd7 7. Bb2 Qb6 8. e3
Rc8 9. c3 Be7 10. Nbd2 cxd4 11. exd4 O-O 12. Re1 Rfd8 13. h3 Be8 14. Bf1 Qc7
15. Bd3 Bd6 16. Qe2 Nd7 17. c4 dxc4 18. Nxc4 Be7 19. Rac1 Nf6 20. Nce5 Qb8 21.
Bb1 Nd5 22. Red1 a6 23. Kh2 g6 24. h4 Na7 25. a4 Rxc1 26. Rxc1 Rc8 27. Rxc8
Qxc8 28. h5 Nc3 29. Bxc3 Qxc3 30. hxg6 hxg6 31. Qd3 Bb4 32. Qxc3 Bxc3 33. Be4
b5 34. axb5 Nxb5 35. Bb7 Nc7 36. Nc6 Kf8 37. Kg1 f6 38. Kf1 g5 39. g4 Bg6 40.
Ke2 Bc2 41. b4 Be4 42. Ke3 Bxc6 43. Bxc6 Bxb4 44. Kd3 Ke7 45. Kc4 Kd6 46. Ba4
Nd5 47. Be8 a5 48. Ng1 Nf4 49. Nf3 Nh3 0-1

[Event "N�-LL 2007_08"]
[Site "?"]
[Date "2007.10.14"]
[Round "3"]
[White "Degen, Gerhard"]
[Black "Kostic, Vladimir"]
[Result "0-1"]
[WhiteElo "2095"]
[BlackElo "2347"]
[Annotator "P�chlarn : Schwarzatal"]
[PlyCount "82"]
[EventDate "2007.10.10"]
[SourceDate "2007.10.21"]

1. e4 e6 2. d3 d5 3. Nd2 g6 4. Ngf3 Bg7 5. g3 Ne7 6. Bg2 c5 7. O-O Nbc6 8. Re1
O-O 9. c3 b6 10. Nf1 a5 11. e5 Ba6 12. Bf4 Nf5 13. Qd2 a4 14. h3 a3 15. bxa3
Bc8 16. g4 Nfe7 17. Qb2 Bd7 18. Rab1 Ra6 19. N1h2 h6 20. Bf1 g5 21. Bc1 Ng6 22.
d4 c4 23. h4 gxh4 24. g5 hxg5 25. Nxg5 Nce7 26. Bh3 b5 27. Qe2 f6 28. exf6 Rxf6
29. Qh5 Nf8 30. Ng4 Rg6 31. Kh1 Be8 32. f4 Nf5 33. Kh2 Qa5 34. Bb2 Qc7 35. Ne5
Bxe5 36. fxe5 b4 37. cxb4 c3 38. Bxf5 exf5 39. Bc1 Qc4 40. Rb3 Qxd4 41. Nf3 Qd3
0-1

[Event "N�-LL 2007_08"]
[Site "?"]
[Date "2007.10.14"]
[Round "3"]
[White "Weinzettl, Ernst"]
[Black "Huber, Mario"]
[Result "1-0"]
[WhiteElo "2290"]
[BlackElo "2116"]
[Annotator "P�chlarn : Schwarzatal"]
[PlyCount "1"]
[EventDate "2007.10.10"]
[SourceDate "2007.10.21"]

1. e4 1-0

 e5 Nd5 3. d4 d6 4. Bc4 b6 5. Bb3 dxe5 6. Qh5 e6 7. dxe5 Be7 8. Nf3
Nc6 9. O-O O-O 10. Nc3 Na5 11. Bg5 Nxb3 12. axb3 Bd7 13. Rad1 Qe8 14. Qh4 Bxg5
15. Nxg5 h6 16. Nce4 Bc6 17. Rd3 Rd8 18. Nf6+ gxf6 19. Qxh6 fxg5 20. Qxg5+ 1-0

[Event "N�-LL 2007_08"]
[Site "?"]
[Date "2007.10.14"]
[Round "3"]
[White "Braun, Karl-Heinz"]
[Black "Kranzl, Peter"]
[Result "0-1"]
[WhiteElo "2036"]
[BlackElo "2234"]
[Annotator "P�chlarn : Schwarzatal"]
[PlyCount "62"]
[EventDate "2007.10.10"]
[SourceDate "2007.10.21"]

1. e4 c6 2. d4 g6 3. Nc3 Bg7 4. Be3 d6 5. Qd2 Nf6 6. h3 O-O 7. Nf3 b5 8. a3 Bb7
9. Bd3 Nbd7 10. e5 Ne8 11. e6 fxe6 12. Ng5 Nc7 13. Qe2 e5 14. d5 cxd5 15. Nxb5
Rf6 16. Nxc7 Qxc7 17. Nxh7 Kxh7 18. Qh5+ Kg8 19. Bxg6 Nf8 20. Bd3 e4 21. Be2 e5
22. O-O Qf7 23. Bg5 Rf5 24. Qg4 Ne6 25. Bd2 Nf4 26. Bb4 Rf6 27. Bb5 Bc8 28. Qd1
Rg6 29. Kh1 Bxh3 30. g3 Bg2+ 31. Kg1 Bf3 0-1

[Event "N�-LL 2007_08"]
[Site "?"]
[Date "2007.10.14"]
[Round "3"]
[White "Loidl, Florian"]
[Black "Savio, Alfred"]
[Result "1-0"]
[WhiteElo "2199"]
[BlackElo "2011"]
[Annotator "P�chlarn : Schwarzatal"]
[PlyCount "89"]
[EventDate "2007.10.10"]
[SourceDate "2007.10.21"]

1. d4 d5 2. c4 c6 3. Nf3 Nf6 4. Nc3 e6 5. Bg5 Nbd7 6. e3 Qa5 7. Bxf6 Nxf6 8.
Nd2 Bd6 9. Bd3 O-O 10. O-O Bd7 11. c5 Be7 12. Qc2 h6 13. f4 Qc7 14. h3 Kh8 15.
Nf3 Be8 16. b4 Nh5 17. Ne5 f5 18. Ne2 Nf6 19. Rab1 Ne4 20. Rb3 Bf6 21. Rc1 Rg8
22. Bxe4 fxe4 23. Rf1 Rf8 24. Qb2 Kh7 25. Rc3 Qe7 26. Nc1 Bxe5 27. dxe5 g5 28.
Nb3 gxf4 29. exf4 Qh4 30. Qf2 Qxf2+ 31. Rxf2 Bd7 32. Kf1 Rf7 33. Ke2 Rg8 34. g4
h5 35. Rg3 Rfg7 36. Ke3 Bc8 37. Rg1 Rg6 38. Rfg2 R6g7 39. Nd4 Bd7 40. f5 a6 41.
Rf1 Re8 42. Rh2 Rf7 43. Ne2 Rg7 44. Ng3 h4 45. Nh5 1-0

[Event "N�-LL 2007_08"]
[Site "?"]
[Date "2007.10.14"]
[Round "3"]
[White "Wadsack, Wolfgang"]
[Black "Hangweyrer, Manfred"]
[Result "0-1"]
[WhiteElo "2210"]
[BlackElo "2372"]
[Annotator "Stockerau : Amstetten"]
[PlyCount "152"]
[EventDate "2007.09.16"]
[SourceDate "2007.10.14"]

1. e4 c5 2. c3 Nf6 3. e5 Nd5 4. d4 cxd4 5. cxd4 d6 6. Nf3 e6 7. a3 Nc6 8. Bd3
g6 9. O-O Bg7 10. Re1 O-O 11. Nc3 dxe5 12. dxe5 Nxc3 13. bxc3 Qa5 14. Qe2 Qxc3
15. Bd2 Qc5 16. Rac1 Qe7 17. Bb5 a5 18. h4 Bd7 19. h5 Rfc8 20. hxg6 fxg6 21.
Bg5 Qf7 22. Rc4 Na7 23. Bxd7 Rxc4 24. Qxc4 Qxd7 25. Rb1 b5 26. Qc3 Nc8 27. Qb3
b4 28. Rd1 a4 29. Qb1 Qc7 30. Rd8+ Bf8 31. axb4 Nb6 32. Rxa8 Nxa8 33. Qa2 Qd7
34. b5 a3 35. Nd4 Kf7 36. Be3 Nc7 37. b6 Nd5 38. Qb3 Qb7 39. Nc2 Nxe3 40. Nxe3
Bc5 41. Nc4 Ke7 42. Nxa3 Qxb6 43. Qf3 Qb2 44. Qf6+ Kd7 45. Qf7+ Be7 46. Qxh7
Qxa3 47. Qxg6 Qa1+ 48. Kh2 Qxe5+ 49. g3 Bc5 50. Qc2 Qd4 51. Kg2 Kd6 52. Qe2
Qd5+ 53. Kg1 e5 54. Qa6+ Ke7 55. Qe2 e4 56. Qg4 Bd4 57. Qh4+ Bf6 58. Qf4 Bg5
59. Qc7+ Kf6 60. Qc2 Bd2 61. Qc8 Kg5 62. Qf8 Kg4 63. Kg2 Qf5 64. Qg7+ Bg5 65.
Kg1 Qe6 66. Kg2 Qc6 67. Qf7 Qf6 68. Qd7+ Qf5 69. Qd4 Qf3+ 70. Kg1 Qd3 71. Qh8
Qd5 72. Qc8+ Kf3 73. Qf8+ Ke2 74. Kg2 e3+ 75. f3 Kd1 76. Qe8 Kd2 0-1

[Event "N�-LL 2007/08"]
[Site "?"]
[Date "2007.10.14"]
[Round "3"]
[White "Groetz, Harald"]
[Black "Rumpl, Erwin"]
[Result "1-0"]
[WhiteElo "2321"]
[BlackElo "2286"]
[Annotator "Stockerau : Amstetten"]
[PlyCount "59"]
[EventDate "2007.09.16"]
[SourceDate "2007.10.14"]

1. e4 b6 2. d4 Bb7 3. Bd3 Nf6 4. Qe2 Nc6 5. c3 e5 6. Nf3 d6 7. O-O Nd7 8. Nbd2
Be7 9. d5 Ncb8 10. Nc4 a5 11. Ne3 Na6 12. Nf5 O-O 13. Bb5 Bf6 14. h4 g6 15.
Nh6+ Kh8 16. h5 Bg7 17. hxg6 hxg6 18. g3 Bf6 19. Ng4 Be7 20. Qe3 Nf6 21. Qh6+
Nh7 22. Kg2 Rg8 23. Qxh7+ Kxh7 24. Rh1+ Kg7 25. Bh6+ Kh8 26. Ng5 Rg7 27. Bxg7+
Kxg7 28. Rh7+ Kf8 29. Rxf7+ Kg8 30. Nh6+ 1-0

[Event "N�-LL 2007/08"]
[Site "?"]
[Date "2007.10.14"]
[Round "3"]
[White "Gugler, Edgar"]
[Black "Batyte, Daiva"]
[Result "0-1"]
[WhiteElo "2144"]
[BlackElo "2219"]
[Annotator "Stockerau : Amstetten"]
[PlyCount "124"]
[EventDate "2007.09.16"]
[SourceDate "2007.10.14"]

1. d4 Nf6 2. Nf3 b6 3. Bf4 Bb7 4. e3 e6 5. Bd3 Be7 6. h3 d6 7. O-O Nbd7 8. Qe2
Ne4 9. a4 a5 10. Bh2 O-O 11. Nbd2 f5 12. Rfd1 Qe8 13. Bb5 Rd8 14. Qc4 Nxd2 15.
Qxe6+ Kh8 16. Nxd2 Rf6 17. Qc4 c5 18. d5 Rg6 19. Nf3 Qf7 20. Bxd7 Rxd7 21. Qb3
Bd8 22. c4 Ba6 23. Qd3 Qf6 24. Bf4 Rf7 25. b3 Bc8 26. Rac1 Qe7 27. Kf1 Bd7 28.
Re1 Qf8 29. Kg1 h6 30. Bg3 Rgf6 31. h4 Re7 32. Bf4 Qe8 33. Qd1 Qh5 34. Bg3 g5
35. Nd2 Qg6 36. Qc2 Rg7 37. Nf3 Rf8 38. hxg5 hxg5 39. Nd2 Qh6 40. Nf1 f4 41.
Bh2 Bf6 42. Qd2 Be5 43. exf4 gxf4 44. Rxe5 dxe5 45. Re1 Rfg8 46. g3 Bh3 47.
Rxe5 Bxf1 48. Kxf1 Qh3+ 49. Ke1 fxg3 50. fxg3 Rxg3 51. Qe2 R3g4 52. Re7 Qc3+
53. Qd2 Qxd2+ 54. Kxd2 Rg2+ 55. Ke3 Rxh2 56. d6 Rh7 57. Rxh7+ Kxh7 58. Ke4 Kg7
59. Kd5 Kf7 60. Kc6 Ke6 61. d7 Rd8 62. Kxb6 Kd6 0-1

[Event "N�-LL 2007/08"]
[Site "?"]
[Date "2007.10.14"]
[Round "3"]
[White "Schmid, Thomas"]
[Black "Wadsack, Winfried"]
[Result "1-0"]
[WhiteElo "2201"]
[BlackElo "2093"]
[Annotator "Stockerau : Amstetten"]
[PlyCount "129"]
[EventDate "2007.09.16"]
[SourceDate "2007.10.14"]

1. e4 d5 2. exd5 Qxd5 3. Nc3 Qd6 4. d4 Nf6 5. Nf3 Bg4 6. h3 Bxf3 7. Qxf3 c6 8.
Be3 Nbd7 9. O-O-O e6 10. g4 Nb6 11. g5 Nfd5 12. Nxd5 Qxd5 13. Qxd5 Nxd5 14. Bd2
Bd6 15. c4 Nf4 16. Rg1 O-O-O 17. Rg4 Ng6 18. h4 f5 19. gxf6 gxf6 20. Re4 e5 21.
Bh3+ Kb8 22. Bh6 Bf8 23. Be3 Bd6 24. Bh6 Bf8 25. Be3 Bd6 26. c5 exd4 27. Rexd4
Be7 28. Rxd8+ Rxd8 29. h5 Rxd1+ 30. Kxd1 Ne5 31. Bf5 h6 32. Bxh6 Bxc5 33. Bf4
Bf8 34. h6 Kc7 35. Ke2 Kd8 36. h7 Bg7 37. Bh6 Bh8 38. b3 c5 39. Be3 b6 40. a3
Kc7 41. Bf4 Kd6 42. Ke3 Kd5 43. a4 a5 44. Bh3 Bg7 45. Bc8 Bh8 46. Bg3 Bg7 47.
Kf4 Ng6+ 48. Kg4 Nf8 49. Kf5 c4 50. bxc4+ Kxc4 51. Bh4 Kd5 52. f4 b5 53. axb5
a4 54. Bxf6 Bxf6 55. Kxf6 Nxh7+ 56. Kf7 Kd6 57. b6 a3 58. b7 Kc7 59. Be6 Kxb7
60. Kg7 Kc7 61. Kxh7 Kd6 62. f5 Ke7 63. Kg6 Kf8 64. Ba2 Ke7 65. Kg7 1-0

[Event "N�-LL 2007_08"]
[Site "?"]
[Date "2007.10.14"]
[Round "3"]
[White "Trkulja, Zoran"]
[Black "Heimberger, Reinhard"]
[Result "0-1"]
[WhiteElo "2199"]
[BlackElo "2229"]
[Annotator "B�hlerwerk : Bisamberg"]
[PlyCount "42"]
[EventDate "2007.10.10"]
[SourceDate "2007.10.21"]

1. e4 c5 2. Nf3 d6 3. d4 cxd4 4. Nxd4 Nf6 5. Nc3 a6 6. Bg5 e6 7. Qd3 Nbd7 8.
O-O-O b5 9. f4 Bb7 10. e5 dxe5 11. fxe5 Nxe5 12. Qg3 Qb8 13. Ndxb5 axb5 14.
Bxb5+ Nc6 15. Qf3 Qc7 16. Bxf6 gxf6 17. Nd5 exd5 18. Rhe1+ Be7 19. Rxd5 Kf8 20.
Qe3 Rg8 21. Qh6+ Rg7 0-1

[Event "N�-LL 2007_08"]
[Site "?"]
[Date "2007.10.14"]
[Round "3"]
[White "Lovrinovic, Christian"]
[Black "Wetscherek, Gerhard"]
[Result "1/2-1/2"]
[WhiteElo "2171"]
[BlackElo "2070"]
[Annotator "B�hlerwerk : Bisamberg"]
[PlyCount "112"]
[EventDate "2007.10.10"]
[SourceDate "2007.10.21"]

1. d4 Nf6 2. c4 g6 3. Nc3 d6 4. e4 Bg7 5. Nf3 Bg4 6. Be2 O-O 7. Be3 c6 8. Qd2
Nbd7 9. h3 Bxf3 10. Bxf3 a6 11. g4 e5 12. d5 cxd5 13. cxd5 b5 14. h4 Rc8 15. h5
Nc5 16. b4 Ncd7 17. g5 Nxh5 18. Bxh5 gxh5 19. Rc1 f5 20. exf5 Rxf5 21. Qd3 e4
22. Qxe4 Re5 23. Qd3 Qxg5 24. Kd2 Qf5 25. Rhg1 Qxd3+ 26. Kxd3 Kf7 27. Bd4 Bh6
28. f4 Rf5 29. Rcf1 Rg8 30. Rxg8 Kxg8 31. Ke4 Rf7 32. Ne2 Nf6+ 33. Bxf6 Rxf6
34. Nd4 Rg6 35. Nf5 Kf7 36. Rc1 Kf6 37. Rc6 Bf8 38. Rxa6 Rg1 39. Nxd6 Re1+ 40.
Kf3 Bxd6 41. Rxd6+ Kf5 42. Rh6 Rf1+ 43. Kg3 Rg1+ 44. Kf2 Rd1 45. Ke2 Rxd5 46.
Rxh5+ Ke4 47. Rxh7 Kxf4 48. Rh4+ Kg5 49. Re4 Kf5 50. Ke3 Rd1 51. Rd4 Ra1 52.
Rd5+ Ke6 53. Rxb5 Rxa2 54. Kd4 Kd6 55. Rb6+ Kc7 56. Kc5 Rh2 1/2-1/2

[Event "N�-LL 2007_08"]
[Site "?"]
[Date "2007.10.14"]
[Round "3"]
[White "Brandst�tter, Friedrich"]
[Black "Sadilek, Peter"]
[Result "1/2-1/2"]
[WhiteElo "2055"]
[BlackElo "2110"]
[Annotator "B�hlerwerk : Bisamberg"]
[PlyCount "139"]
[EventDate "2007.10.10"]
[SourceDate "2007.10.21"]

1. e4 e6 2. d4 d5 3. Nc3 Nc6 4. Nf3 Nf6 5. e5 Nd7 6. Bd3 Nb4 7. Be2 c5 8. dxc5
Bxc5 9. O-O O-O 10. Bf4 Kh8 11. Re1 f6 12. exf6 Qxf6 13. Bg3 a6 14. a3 Nc6 15.
Bd3 Nd4 16. Nxd4 Bxd4 17. Qe2 Nc5 18. Rad1 Bd7 19. Rd2 Qh6 20. Nd1 Be8 21. Ne3
Bh5 22. f3 Bxb2 23. Rdd1 Bc3 24. Rf1 Bd4 25. Rfe1 e5 26. Qd2 Nxd3 27. Qxd3 Rac8
28. Bf2 Bg6 29. Qe2 Rfd8 30. Ng4 Bxf2+ 31. Qxf2 Qf4 32. Nxe5 d4 33. Nxg6+ hxg6
34. Rxd4 Qxd4 35. Re8+ Kh7 36. Qxd4 Rxd4 37. Rxc8 Rd1+ 38. Kf2 Ra1 39. Rc7 Rxa3
40. Rxb7 Rc3 41. Rb2 g5 42. Ke2 Kg6 43. Kd2 Rc6 44. Ra2 Kf5 45. Ke3 Rc3+ 46.
Kd2 Rc6 47. g4+ Ke5 48. Ke3 Rc3+ 49. Ke2 Rc6 50. Ra5+ Kd4 51. Kd2 Rf6 52. Ra4+
Kd5 53. Ke3 Re6+ 54. Kd3 Ke5 55. Ra5+ Kf6 56. c4 Rd6+ 57. Ke4 Re6+ 58. Kd4 Rd6+
59. Rd5 Rxd5+ 60. Kxd5 a5 61. Kc5 Ke5 62. Kb5 Kd4 63. c5 a4 64. c6 a3 65. c7 a2
66. c8=Q a1=Q 67. Qc5+ Kd3 68. Qd5+ Ke3 69. Qe4+ Kf2 70. Kc5 1/2-1/2

[Event "N�-LL 2007_08"]
[Site "?"]
[Date "2007.10.14"]
[Round "3"]
[White "Schroll, Gerhard"]
[Black "Mahdy, Khaled"]
[Result "1/2-1/2"]
[WhiteElo "2386"]
[BlackElo "2396"]
[Annotator "Krems : Wr.Neustadt"]
[PlyCount "33"]
[EventDate "2007.10.10"]
[SourceDate "2007.10.22"]

1. d4 Nf6 2. Nf3 c5 3. d5 g6 4. Nc3 Bg7 5. e4 d6 6. Be2 O-O 7. O-O Na6 8. Bf4
Nc7 9. a4 Nfe8 10. Qd2 Bg4 11. Bh6 f5 12. exf5 Rxf5 13. Bxg7 Bxf3 14. Bxf3 Nxg7
15. Bg4 Rf8 16. Ne4 Nf5 17. Rae1 {Rest nicht lesbar} 1/2-1/2

[Event "N�-LL 2007_08"]
[Site "?"]
[Date "2007.10.14"]
[Round "3"]
[White "Winiwarter, Felix"]
[Black "Steiner, Bruno"]
[Result "1/2-1/2"]
[WhiteElo "2147"]
[BlackElo "2220"]
[Annotator "Krems : Wr.Neustadt"]
[PlyCount "118"]
[EventDate "2007.10.10"]
[SourceDate "2007.10.22"]

1. e4 e5 2. Nf3 Nc6 3. Bb5 a6 4. Ba4 Nf6 5. O-O Be7 6. Re1 b5 7. Bb3 d6 8. c3
O-O 9. d4 Bg4 10. h3 Bxf3 11. Qxf3 exd4 12. Qd1 dxc3 13. Nxc3 Na5 14. Bc2 Nd7
15. Nd5 Bf6 16. Bd2 Nc4 17. Nxf6+ Qxf6 18. b3 Nxd2 19. Qxd2 Rfe8 20. f4 Nc5 21.
Rad1 Rad8 22. Bb1 g6 23. g4 Ne6 24. Rf1 c5 25. Qe3 Nd4 26. Kg2 b4 27. g5 Qe6
28. Qg3 Ne2 29. Qd3 Nc3 30. Rde1 d5 31. e5 c4 32. Qd4 a5 33. f5 Qc6 34. e6 fxe6
35. fxg6 hxg6 36. Rf6 e5 37. Rxe5 Nb5 38. Qh4 Qxf6 39. gxf6 Rxe5 40. f7+ Kxf7
41. Qxd8 Nc3 42. Qc7+ Kf6 43. Qd6+ Re6 44. Qf4+ Ke7 45. Qc7+ Kf6 46. bxc4 dxc4
47. Qxc4 Nxb1 48. Qf1+ Kg7 49. Qxb1 Rf6 50. Qe4 Rf5 51. Kg3 Kg8 52. Kg4 Kg7 53.
Qe7+ Kg8 54. h4 Kh8 55. h5 Rxh5 56. Qf8+ Kh7 57. Qf7+ Kh6 58. Qf6 Kh7 59. Qf7+
Kh6 1/2-1/2

[Event "N�-LL 2007_08"]
[Site "?"]
[Date "2007.10.14"]
[Round "3"]
[White "Posch, Werner"]
[Black "W�ber, Friedrich"]
[Result "1-0"]
[WhiteElo "2173"]
[BlackElo "2103"]
[Annotator "Krems : Wr.Neustadt"]
[PlyCount "81"]
[EventDate "2007.10.10"]
[SourceDate "2007.10.22"]

1. e4 e5 2. Nc3 Nc6 3. Bc4 Nf6 4. d3 Bb4 5. Bg5 Na5 6. Nge2 Nxc4 7. dxc4 h6 8.
Bxf6 Qxf6 9. O-O Bxc3 10. Nxc3 d6 11. Nd5 Qd8 12. Qd3 Be6 13. Rad1 O-O 14. c5
c6 15. Ne3 dxc5 16. Qc3 Qc7 17. Qxc5 b6 18. Qd6 Qxd6 19. Rxd6 Rac8 20. Rfd1
Rfe8 21. R1d3 Kf8 22. Rc3 c5 23. Rcd3 Ke7 24. c4 g6 25. g4 Red8 26. Rxd8 Rxd8
27. Nd5+ Kf8 28. f3 f5 29. gxf5 gxf5 30. b3 Kf7 31. Kf2 fxe4 32. fxe4 Rd7 33.
Rf3+ Kg7 34. Ke3 b5 35. cxb5 Bxd5 36. exd5 Rxd5 37. Rf2 a6 38. bxa6 Rd6 39. Ke4
Rxa6 40. Kxe5 Ra5 41. Kd5 1-0

[Event "N�-LL 2007_08"]
[Site "?"]
[Date "2007.10.14"]
[Round "3"]
[White "Mayer, Martin"]
[Black "Giessmann, Andreas"]
[Result "0-1"]
[WhiteElo "2038"]
[BlackElo "2051"]
[Annotator "Krems : Wr.Neustadt"]
[PlyCount "107"]
[EventDate "2007.10.10"]
[SourceDate "2007.10.22"]

1. d4 Nf6 2. c4 e5 3. dxe5 Ng4 4. e4 Nxe5 5. Nf3 Nbc6 6. Be2 Bc5 7. O-O O-O 8.
Nc3 Nxf3+ 9. Bxf3 d6 10. Re1 Ne5 11. Be2 Be6 12. Nd5 a5 13. Be3 b6 14. a3 a4
15. b4 axb3 16. Qxb3 Bxe3 17. Qxe3 Nd7 18. f4 Bxd5 19. cxd5 Ra5 20. Bc4 Re8 21.
Qc3 Rc5 22. Qd4 Qf6 23. Qxf6 gxf6 24. Rac1 Ra8 25. Rc3 b5 26. Rg3+ Kf8 27. Be2
Ra4 28. Bg4 Nb6 29. Bf5 Nc4 30. Bxh7 Rxa3 31. Rg8+ Ke7 32. Rg7 b4 33. Bg6 b3
34. Rxf7+ Kd8 35. Rf8+ Kd7 36. Rf7+ Kc8 37. Rxf6 b2 38. e5 Ra1 39. Rf8+ Kb7 40.
Bb1 dxe5 41. fxe5 Nxe5 42. Rff1 Nc4 43. Bd3 Rxe1 44. Rxe1 Na3 45. Kf2 Rc1 46.
Re2 Nc2 47. Bxc2 Rxc2 48. Rxc2 b1=Q 49. Rd2 Qb4 50. Ke1 Kc8 51. g3 Kd7 52. Ke2
Kd6 53. h4 Ke5 54. Kf2 0-1

[Event "N�-LL 2007_08"]
[Site "?"]
[Date "2007.10.14"]
[Round "3"]
[White "Kleiser, Gregor"]
[Black "Kummer, Helmut"]
[Result "1-0"]
[WhiteElo "2302"]
[BlackElo "2324"]
[Annotator "Bad V�slau : Niederabsdorf"]
[PlyCount "111"]
[EventDate "2007.10.10"]
[SourceDate "2007.10.22"]

1. d4 d5 2. c4 e6 3. Nc3 c6 4. cxd5 exd5 5. Bf4 Bf5 6. e3 Nf6 7. Bd3 Bxd3 8.
Qxd3 Bd6 9. Nge2 Bxf4 10. Nxf4 Nbd7 11. O-O a5 12. Rac1 O-O 13. Rc2 Re8 14.
Rfc1 g6 15. Qd1 Qe7 16. Na4 Ne4 17. Nd3 f5 18. Qf3 Rf8 19. Qf4 Rf7 20. Qc7 Nd6
21. Nb6 Nxb6 22. Qxb6 Nc4 23. Qc5 Qe8 24. Rxc4 dxc4 25. Qxc4 Kg7 26. g3 Qd8 27.
Ne5 Re7 28. Qc5 a4 29. Nc4 Ra6 30. h4 Re6 31. Qb4 Qe7 32. Qc3 Qf6 33. Ne5 Re7
34. a3 h6 35. Qb4 Ra8 36. Rc5 Qe6 37. Nxc6 bxc6 38. Re5 Qxe5 39. dxe5 Raa7 40.
Qd6 h5 41. Qf6+ Kh7 42. Kg2 c5 43. Kf3 Reb7 44. e6 c4 45. Kf4 Rg7 46. Kg5 Ra8
47. Qe5 Re8 48. Qd6 Kg8 49. f4 Rb7 50. Qd5 Ree7 51. Kf6 Kh7 52. Qxb7 Rxb7 53.
e7 Rb6+ 54. Kf7 Rb7 55. Kf8 Rxb2 56. e8=Q {Rest nicht lesbar} 1-0

[Event "N�-LL 2007_08"]
[Site "?"]
[Date "2007.10.14"]
[Round "3"]
[White "Zojer, Thomas"]
[Black "Teuber, Andreas"]
[Result "1/2-1/2"]
[WhiteElo "2114"]
[BlackElo "2156"]
[Annotator "Bad V�slau : Niederabsdorf"]
[PlyCount "31"]
[EventDate "2007.10.10"]
[SourceDate "2007.10.22"]

1. d4 d5 2. c4 dxc4 3. Nc3 a6 4. a4 Nf6 5. Nf3 e6 6. Ne5 c5 7. e3 Bd7 8. Bxc4
Nc6 9. O-O Qc7 10. Nxd7 Qxd7 11. dxc5 Qxd1 12. Rxd1 Bxc5 13. Bd2 Ke7 14. Na2
Rad8 15. Bc3 Bd6 16. f3 1/2-1/2

[Event "N�-LL 2007_08"]
[Site "?"]
[Date "2007.10.14"]
[Round "3"]
[White "G�tz, Alexander"]
[Black "Lampl, Gerald"]
[Result "0-1"]
[WhiteElo "2163"]
[BlackElo "2094"]
[Annotator "Bad V�slau : Niederabsdorf"]
[PlyCount "92"]
[EventDate "2007.10.10"]
[SourceDate "2007.10.22"]

1. c4 Nf6 2. g3 g6 3. Bg2 Bg7 4. Nc3 d6 5. d3 O-O 6. Bg5 Nc6 7. Qd2 Bd7 8. e4
Qc8 9. Nge2 a6 10. O-O Nh5 11. f3 Bh3 12. Rab1 Bxg2 13. Kxg2 f5 14. b4 e6 15.
exf5 exf5 16. d4 Qd7 17. a4 a5 18. b5 Nb4 19. d5 Rae8 20. Nd4 Bxd4 21. Qxd4 Re5
22. Qd2 Rfe8 23. Rf2 Qg7 24. Re2 Rxe2+ 25. Nxe2 h6 26. Bxh6 Rxe2+ 27. Qxe2 Qxh6
28. Qe8+ Kh7 29. Re1 Qd2+ 30. Re2 Qd4 31. Qf7+ Ng7 32. Qxc7 Qd1 33. Qe7 Nd3 34.
Qe3 f4 35. Qd2 Qb3 36. gxf4 Qxc4 37. Re4 Qxd5 38. Re7 Nb4 39. Qc3 Qa2+ 40. Kg3
Qg8 41. Rxb7 Kh6 42. f5 Nxf5+ 43. Kg4 Nd5 44. Qc1+ Nde3+ 45. Kh3 Qd8 46. Qe1
Qg5 0-1